IBM DB2 9 new features (Record no. 8239)

MARC details
000 -LEADER
fixed length control field 00628 a2200205 4500
010 ## - LCCN (DPL NO)
LC control number ENG-88366
020 ## - INTERNATIONAL STANDARD BOOK NUMBER
International Standard Book Number 0070658498
Terms of availability 495.00
035 ## - SYSTEM CONTROL NUMBER
System control number EN-71899
037 ## - SOURCE OF ACQUISITION
Source of stock number/acquisition DBAD / PUB
082 14 - DEWEY DECIMAL CLASSIFICATION NUMBER
Classification number 005.7565
245 1# - TITLE STATEMENT
Title IBM DB2 9 new features
Statement of responsibility, etc by Paul Zikopoulos...[et al.]
260 ## - PUBLICATION, DISTRIBUTION, ETC. (IMPRINT)
Place of publication, distribution, etc New Delhi
Name of publisher, distributor, etc Tata McGraw-Hill Pubublishing
Date of publication, distribution, etc 2007
270 ## - ADDRESS
Address 7, West Patel Nagar,
City New Delhi
Postal code 110 008
300 ## - PHYSICAL DESCRIPTION
Extent xxxiii, 429p.
Dimensions 24cm ( Pbk)
500 ## - GENERAL NOTE
General note Includes index.
650 #0 - SUBJECT ADDED ENTRY--TOPICAL TERM
Topical term or geographic name as entry element Database management
650 #0 - SUBJECT ADDED ENTRY--TOPICAL TERM
Topical term or geographic name as entry element Relational databases
700 1# - ADDED ENTRY--PERSONAL NAME
Personal name Zikopoulos, Paul.
942 ## - ADDED ENTRY ELEMENTS (KOHA)
Institution code [OBSOLETE] dpl
Item type English Books
Source of classification or shelving scheme Dewey Decimal Classification
Classification part 005.7565
Call number suffix IBM
Holdings
Withdrawn status Lost status Not for loan Collection code Home library Current library Source of acquisition Cost, normal purchase price Full call number Barcode Copy number Cost, replacement price Koha item type
    Not For Loan Non-fiction D.B.Act.Division D.B.Act.Division DBAD/PUB 495.00 005.7565 IBM EN-71899 1 495.00 English Books

© Delhi Public Library
Hit Counter
free hit counter